000
00287nam a2200085Ia 4500
245
0
_a
Recovery RSA : a resource book for those affected by addiction
100
_a
HUTTON, Barbara Auckland Park, South Africa, 2011
_9
85203
942
_c
BK
008
210817s9999 xx 000 0 und d
999
_c
317204
_d
317203